000 00296nam a2200145Ia 4500
100 _aSiegel/Charles
942 _cBK
654 _aFoxpro
245 _aMastering Foxpro
260 _bBPB Publication
_aDelhi
_c1990
082 _a1.64
_bSIE
300 _a639
546 _aENGLISH
999 _c29592
_d29592